Daňové kontroly zamerané na transferové oceňovanie
Podstata transferového oceňovania. Výsledky daňových kontrol zameraných na transferové oceňovanie. Výška dodatočne vyrúbenej dane z príjmov z daňových kontrol zameraných na transferové oceňvanie.
Na minha lista:
| Autor principal: | |
|---|---|
| Formato: | Capítulo de Livro |
| Idioma: | eslovaco |
| Assuntos: | |
| Tags: |
Sem tags, seja o primeiro a adicionar uma tag!
|
MARC
| LEADER | 00000nla a2200000 4500 | ||
|---|---|---|---|
| 001 | 0226696 | ||
| 005 | 20240502073732.5 | ||
| 041 | 0 | |a slo | |
| 044 | |a SK | ||
| 245 | 1 | 0 | |a Daňové kontroly zamerané na transferové oceňovanie |c Norbert Seneši |
| 520 | |a Podstata transferového oceňovania. Výsledky daňových kontrol zameraných na transferové oceňovanie. Výška dodatočne vyrúbenej dane z príjmov z daňových kontrol zameraných na transferové oceňvanie. | ||
| 610 | 2 | 0 | |a kontrola daňová |
| 610 | 2 | 0 | |a oceňovanie transferové |
| 610 | 2 | 0 | |a osoby právnické |
| 610 | 2 | 0 | |a dane z príjmov |
| 100 | 1 | |a Seneši, Norbert | |